Essentials of Management : An International, Innovation & Leadership Perspective (Record no. 17977)

MARC details
000 -LEADER
fixed length control field 00463nam a2200157Ia 4500
008 - FIXED-LENGTH DATA ELEMENTS--GENERAL INFORMATION
fixed length control field 221030s9999 xx 000 0 und d
020 ## - INTERNATIONAL STANDARD BOOK NUMBER
ISBN 9339222865
041 ## - LANGUAGE CODE
Language code of text/sound track or separate title
100 ## - MAIN ENTRY--AUTHOR NAME
Personal name H. Koontz
245 #0 - TITLE STATEMENT
Title Essentials of Management : An International, Innovation & Leadership Perspective
Statement of responsibility, etc by H. Koontz, H. Weirich
260 ## - PUBLICATION, DISTRIBUTION, ETC. (IMPRINT)
Name of publisher McGraw - Hill Edu. Pvt. Ltd
Place of publication Chennai
Year of publication 2018
300 ## - PHYSICAL DESCRIPTION
Number of Pages 496
650 ## - SUBJECT ADDED ENTRY--TOPICAL TERM
Topical Term BE Management
700 ## - ADDED ENTRY--PERSONAL NAME
Personal name H. Weirich
942 ## - ADDED ENTRY ELEMENTS (KOHA)
Koha item type Books
Holdings
Accession Number Cost, normal purchase price Bill Date Source of acquisition Price effective from Koha item type Withdrawn / writtenoff status Materials specified (bound volume or other part) Damaged status Not for loan Permanent Location Current Location Shelving location Date acquired Lost/ Missing status department
BE 15753 675.00 560 RKB 10/30/2022 Books   Print   Not For Loan MIET Library, Jammu MIET Library, Jammu BL-Academic Block B, FL-2, CUP-157, SH-3, R-3 11/19/2018   BE
BE 15754 675.00 560 RKB 10/30/2022 Books   Print     MIET Library, Jammu MIET Library, Jammu BL-Academic Block B, FL-2, CUP-130, SH-6, R-6 11/19/2018   BE
BE 15755 675.00 560 RKB 10/30/2022 Books   Print     MIET Library, Jammu MIET Library, Jammu BL-Academic Block B, FL-2, CUP-130, SH-6, R-6 11/19/2018   BE
BE 15756 675.00 560 RKB 10/30/2022 Books   Print     MIET Library, Jammu MIET Library, Jammu BL-Academic Block B, FL-2, CUP-130, SH-6, R-6 11/19/2018   BE
BE 15757 675.00 560 RKB 10/30/2022 Books   Print     MIET Library, Jammu MIET Library, Jammu BL-Academic Block B, FL-2, CUP-130, SH-6, R-6 11/19/2018   BE